| 000 | 00749nam a2200217 i 4500 | ||
|---|---|---|---|
| 001 | 77637 | ||
| 003 | ES-MaACL | ||
| 005 | 20230906173321.0 | ||
| 007 | t| | ||
| 008 | 041028s1999 pr ||||1| spa d | ||
| 020 | _a0-8477-0388-6 | ||
| 080 | _a801(042) | ||
| 245 | 0 | 0 |
_aEstudios de lingüística hispánica / _ceditores Amparo Morales, Julia Cardona, Humberto López Morales... et al. |
| 260 |
_aSan Juan de Puerto Rico : _bUniversidad de Puerto Rico, _c1999. |
||
| 300 |
_aXXXVIII, 664 p. ; _c23 cm. |
||
| 650 | 4 |
_aLingüística. _914463 |
|
| 700 | 1 |
_aMorales, Amparo. _982971 |
|
| 700 | 1 |
_aCardona, Julia. _935179 |
|
| 700 | 1 |
_aLópez Morales, Humberto. _973798 |
|
| 852 |
_aES-MaACL _jE-10181 _bR.134409 |
||
| 999 |
_c77637 _d77637 |
||